000 00563nam a2200205 a 4500
001 86491
003 BD-RjUL
005 20260517115151.0
008 260517s1898 fr ||||| |||| 00| 0 eng d
035 _a(BD-RjUL)86491
040 _aBD-RjUL
_beng
_cBD-RjUL
041 _aeng
082 _223
_a843.7
_bBAO 1898
100 _aBalzac, Honoré de
_918495
245 _aThe Old Maid /
_cby Honoré de Balzac
260 _aLondon :
_bThe Caxton Publishing Company,
_c1898
300 _a446 p. :
_bill.;
_c21 cm.
650 _aFrench fiction
_918499
942 _2ddc
_cBK
999 _c86491
_d86491